<?xml version="1.0" encoding="UTF-8"?>
<record
    xmlns:xsi="http://www.w3.org/2001/XMLSchema-instance"
    xsi:schemaLocation="http://www.loc.gov/MARC21/slim http://www.loc.gov/standards/marcxml/schema/MARC21slim.xsd"
    xmlns="http://www.loc.gov/MARC21/slim">

  <leader>00658nam a2200205Ia 4500</leader>
  <controlfield tag="001">5736</controlfield>
  <controlfield tag="003">GE_BSU</controlfield>
  <controlfield tag="008">181216s||||||||xx |||||||||||||| ||und||</controlfield>
  <datafield tag="040" ind1=" " ind2=" ">
    <subfield code="c">GE_BSU</subfield>
  </datafield>
  <datafield tag="080" ind1=" " ind2=" ">
    <subfield code="a">517.982.4</subfield>
  </datafield>
  <datafield tag="100" ind1=" " ind2=" ">
    <subfield code="a">&#x413;&#x435;&#x43B;&#x44C;&#x444;&#x430;&#x43D;&#x434; &#x418;.&#x41C;., &#x428;&#x438;&#x43B;&#x43E;&#x432; &#x413;.&#x415;.</subfield>
  </datafield>
  <datafield tag="245" ind1=" " ind2=" ">
    <subfield code="a">&#x41E;&#x431;&#x43E;&#x431;&#x449;&#x435;&#x43D;&#x43D;&#x44B;&#x435; &#x444;&#x443;&#x43D;&#x43A;&#x446;&#x438;&#x438; &#x438;  &#x434;&#x435;&#x439;&#x441;&#x442;&#x432;&#x438;&#x44F; &#x43D;&#x430;&#x434; &#x43D;&#x438;&#x43C;&#x438;</subfield>
  </datafield>
  <datafield tag="245" ind1=" " ind2=" ">
    <subfield code="c">&#x420;&#x435;&#x434; &#x41C;.&#x421;.&#x410;&#x433;&#x440;&#x430;&#x43D;&#x43E;&#x432;&#x438;&#x447; &#x438; &#x410;. &#x417;. &#x420;&#x438;&#x432;&#x43A;&#x438;&#x43D;</subfield>
  </datafield>
  <datafield tag="260" ind1=" " ind2=" ">
    <subfield code="a">&#x41C;&#x43E;&#x441;&#x43A;&#x432;&#x430;</subfield>
  </datafield>
  <datafield tag="260" ind1=" " ind2=" ">
    <subfield code="b">&#x413;&#x43E;&#x441;&#x438;&#x437;&#x434;&#x444;&#x438;&#x437;-&#x43C;&#x430;&#x442; &#x43B;&#x438;&#x442;-&#x440;&#x44B;</subfield>
  </datafield>
  <datafield tag="260" ind1=" " ind2=" ">
    <subfield code="c">1958</subfield>
  </datafield>
  <datafield tag="300" ind1=" " ind2=" ">
    <subfield code="a">439 &#x441;. 21 &#x441;&#x43C;.</subfield>
  </datafield>
  <datafield tag="653" ind1=" " ind2=" ">
    <subfield code="a">&#x41E;&#x431;&#x43E;&#x431;&#x449;&#x435;&#x43D;&#x43D;&#x44B;&#x435; &#x444;&#x443;&#x43D;&#x43A;&#x446;&#x438;&#x438; &#x438;  &#x434;&#x435;&#x439;&#x441;&#x442;&#x432;&#x438;&#x44F; &#x43D;&#x430;&#x434; &#x43D;&#x438;&#x43C;&#x438;</subfield>
  </datafield>
  <datafield tag="942" ind1=" " ind2=" ">
    <subfield code="c">BK</subfield>
  </datafield>
  <datafield tag="999" ind1=" " ind2=" ">
    <subfield code="c">39153</subfield>
    <subfield code="d">39153</subfield>
  </datafield>
  <datafield tag="952" ind1=" " ind2=" ">
    <subfield code="0">0</subfield>
    <subfield code="1">0</subfield>
    <subfield code="4">0</subfield>
    <subfield code="7">0</subfield>
    <subfield code="9">41825</subfield>
    <subfield code="d">2018-12-17</subfield>
    <subfield code="p">16513</subfield>
    <subfield code="r">2018-12-17</subfield>
    <subfield code="w">2018-12-17</subfield>
    <subfield code="y">BK</subfield>
  </datafield>
</record>
